[Event "Charlesbourg Capablanca Memorial"]
[Site "Charlesbourg "]
[Date "2007.01.08"]
[Round "1"]
[White "Bisson, Real"]
[Black "Vallieres, David"]
[Result "1-0"]
[WhiteElo "1675"]
[BlackElo "1844"]
[PlyCount "45"]
[EventDate "2007.01.01"]
[EventType "swiss"]
[EventRounds "5"]
[EventCountry "CAN"]
[SourceTitle "EXT 2008"]
[Source "ChessBase"]
[SourceDate "2007.11.25"]
[SourceVersion "1"]
[SourceVersionDate "2007.11.25"]
[SourceQuality "1"]

1. e4 c5 2. Nf3 d6 3. d4 cxd4 4. Nxd4 a6 5. Nc3 Nf6 6. Bg5 e6 7. f4 Be7 8. Qf3 Qc7 9. 0-0-0 b5 10. Bd3 Bb7 11. Rhe1 Nbd7 12. Qg3 b4 13. Na4 Nc5 14. Nxc5 dxc5 15. Bxf6 gxf6 16. Nxe6 fxe6 17. Bc4 Bc8 18. e5 Bd7 19. Qg7 Rf8 20. Qxh7 fxe5 21. Qg6+ Rf7 22. Qg8+ Bf8 23. Rxe5 1-0

[Event "Quebec Montcalm op 3 2006-07"]
[Site "Quebec"]
[Date "2006.12.14"]
[Round "5"]
[White "Bisson, Real"]
[Black "Cournoyer, Dominic"]
[Result "0-1"]
[WhiteElo "1649"]
[BlackElo "1786"]
[PlyCount "68"]
[EventDate "2006.11.16"]
[EventType "swiss"]
[EventRounds "5"]
[EventCountry "CAN"]
[SourceTitle "EXT 2022"]
[Source "ChessBase"]
[SourceDate "2021.10.06"]
[SourceVersion "1"]
[SourceVersionDate "2021.10.06"]
[SourceQuality "1"]

1. e4 d5 2. exd5 Nf6 3. c4 c6 4. dxc6 Nxc6 5. Nc3 e5 6. Nf3 Bc5 7. d3 Ng4 8. Ne4 Be7 9. h3 Nf6 10. Be2 Bf5 11. Nfg5 h6 12. Nxf6+ gxf6 13. Ne4 Qc7 14. Be3 Bg6 15. g4 0-0-0 16. Nc3 Nb4 17. Nd5 Nxd5 18. cxd5 Kb8 19. Qa4 a6 20. Rc1 Qd6 21. 0-0 Qxd5 22. Rc3 h5 23. Rb3 Rd6 24. f4 hxg4 25. Bxg4 Rg8 26. Kh2 Bh5 27. fxe5 Rc6 28. Rf2 Bxg4 29. hxg4 Rh8+ 30. Kg3 Qh1 31. Kf4 fxe5+ 32. Kxe5 f6+ 33. Kf5 Qd5+ 34. Kf4 Bd6# 0-1

[Event "Quebec Festival 2nd"]
[Site "Quebec"]
[Date "2006.08.14"]
[Round "4"]
[White "Monga, Alain"]
[Black "Bisson, Real"]
[Result "1-0"]
[WhiteElo "1705"]
[BlackElo "1683"]
[PlyCount "138"]
[EventDate "2006.07.24"]
[EventType "swiss"]
[EventRounds "5"]
[EventCountry "CAN"]
[SourceTitle "EXT 2022"]
[Source "ChessBase"]
[SourceDate "2021.10.06"]
[SourceVersion "1"]
[SourceVersionDate "2021.10.06"]
[SourceQuality "1"]

1. e4 c6 2. d4 d5 3. Nc3 dxe4 4. Nxe4 Nd7 5. Ng5 Ngf6 6. Bd3 e6 7. N1f3 Bd6 8. Qe2 h6 9. Ne4 Nxe4 10. Qxe4 c5 11. 0-0 Nf6 12. Qe2 0-0 13. Re1 Qc7 14. c3 Bd7 15. Ne5 Rac8 16. Qf3 Bc6 17. Qg3 Kh8 18. Qh4 Ng8 19. Qh5 Nf6 20. Qh4 Ng8 21. Qg3 Be8 22. Bf4 Rd8 23. Re4 f5 24. Re2 Kh7 25. Rae1 Nf6 26. Qf3 Nh5 27. Bc1 g5 28. Qe3 Nf4 29. f3 cxd4 30. cxd4 Nxe2+ 31. Bxe2 Bxe5 32. dxe5 a6 33. Bd2 Rd5 34. Bc3 Bg6 35. Bd1 f4 36. Qa7 Rc8 37. Bb3 Qc5+ 38. Qxc5 Rdxc5 39. Bxe6 R8c6 40. Bd7 Rxc3 41. bxc3 Rxc3 42. e6 Bf5 43. Re5 Rc1+ 44. Kf2 Rc2+ 45. Ke1 Bxe6 46. Bxe6 Rxg2 47. h3 Kg7 48. Re2 Rg1+ 49. Kd2 Kf6 50. Bc8 Rg3 51. Bg4 Kf7 52. Kc3 Kf6 53. Re6+ Kg7 54. Rb6 h5 55. Rxb7+ Kf6 56. Rb6+ Ke5 57. Bxh5 Rxh3 58. Bg4 Rh2 59. Rxa6 Rh1 60. a4 Rc1+ 61. Kb2 Rc4 62. Kb3 Rd4 63. Rb6 Rd3+ 64. Kb4 Rd4+ 65. Kb5 Rd5+ 66. Ka6 Kd4 67. Rb5 Rd6+ 68. Kb7 Kc4 69. Rxg5 Kb4 1-0

[Event "Quebec Montcalm op 1st"]
[Site "Quebec"]
[Date "2004.09.16"]
[Round "2"]
[White "Plante, Rejean"]
[Black "Bisson, Real"]
[Result "1/2-1/2"]
[WhiteElo "2084"]
[BlackElo "1775"]
[PlyCount "82"]
[EventDate "2004.09.09"]
[EventType "swiss"]
[EventRounds "5"]
[EventCountry "CAN"]
[SourceTitle "EXT 2006"]
[Source "ChessBase"]
[SourceDate "2005.11.24"]
[SourceVersion "1"]
[SourceVersionDate "2005.11.24"]
[SourceQuality "1"]

1. d4 c5 2. d5 d6 3. c4 g6 4. e4 Bg7 5. Bd3 Nf6 6. Nc3 Na6 7. Nge2 Bd7 8. 0-0 0-0 9. Bg5 h6 10. Bd2 Nc7 11. f4 e6 12. Rc1 exd5 13. exd5 b5 14. b3 b4 15. Nb1 Re8 16. f5 Ne4 17. fxg6 fxg6 18. Bxe4 Rxe4 19. Ng3 Bd4+ 20. Kh1 Rh4 21. Rf4 Be5 22. Rxh4 Qxh4 23. Qe1 Rf8 24. Be3 Bg4 25. Nd2 Ne8 26. Kg1 Nf6 27. Ndf1 Bc3 28. Bd2 Bd4+ 29. Kh1 Re8 30. Be3 Be5 31. Qf2 Bd7 32. Qc2 Kf7 33. Bg1 Bf4 34. Rd1 Ng4 35. Qd3 Ne5 36. Qc2 Bg4 37. Ra1 Nf3 38. Qf2 Qf6 39. Rb1 Nxg1 40. Kxg1 h5 41. Re1 Rxe1 1/2-1/2

[Event "St Jean op"]
[Site "St Jean sur Richelieu"]
[Date "2004.06.26"]
[Round "2"]
[White "Amesse, Louis Philippe"]
[Black "Bisson, Real"]
[Result "0-1"]
[WhiteElo "1668"]
[BlackElo "1689"]
[PlyCount "94"]
[EventDate "2004.06.??"]
[EventType "swiss"]
[EventRounds "5"]
[EventCountry "CAN"]
[SourceTitle "EXT 2006"]
[Source "ChessBase"]
[SourceDate "2005.11.24"]
[SourceVersion "1"]
[SourceVersionDate "2005.11.24"]
[SourceQuality "1"]

1. d4 d5 2. Nf3 e6 3. a3 Nf6 4. Bg5 Nbd7 5. c4 c6 6. e3 Qa5+ 7. Nbd2 dxc4 8. Bxc4 Bd6 9. b4 Qc7 10. h3 h6 11. Bxf6 Nxf6 12. Bd3 0-0 13. Nc4 Be7 14. Bb1 Nd5 15. Qc2 f5 16. 0-0 Bf6 17. Ba2 g5 18. Nce5 Qg7 19. Bxd5 exd5 20. Nd3 g4 21. hxg4 fxg4 22. Nfe5 Bf5 23. Qe2 h5 24. Nf4 Qg5 25. Ned3 Rae8 26. Rfe1 Bxd4 27. Rac1 g3 28. Qxh5 gxf2+ 29. Nxf2 Qxh5 30. Nxh5 Bxe3 31. Rxe3 Rxe3 32. Nf4 Rfe8 33. Kh2 Rxa3 34. b5 Re7 35. bxc6 Rh7+ 36. Kg1 bxc6 37. N4h3 Rc7 38. Nf4 Rc8 39. Ne2 c5 40. Nc3 d4 41. Nb5 Ra6 42. g4 Bd7 43. Nxd4 cxd4 44. Rd1 Ra4 45. Kg2 Rc2 46. Kf1 Raa2 47. Ne4 Bb5+ 0-1

[Event "Quebec Montcalm op 5th"]
[Site "Quebec"]
[Date "2004.03.11"]
[Round "4"]
[White "Sauve, Richard"]
[Black "Bisson, Real"]
[Result "1-0"]
[WhiteElo "2048"]
[BlackElo "1592"]
[PlyCount "47"]
[EventDate "2004.02.19"]
[EventType "swiss"]
[EventRounds "5"]
[EventCountry "CAN"]
[SourceTitle "EXT 2005"]
[Source "ChessBase"]
[SourceDate "2004.11.15"]
[SourceVersion "1"]
[SourceVersionDate "2004.11.15"]
[SourceQuality "1"]

1. d4 Nf6 2. c4 d6 3. Nc3 g6 4. e4 Bg7 5. f3 0-0 6. Be3 c6 7. Bd3 Nbd7 8. Rc1 e5 9. d5 c5 10. Nge2 Nh5 11. Qd2 f5 12. Bg5 Bf6 13. Bxf6 Qxf6 14. exf5 gxf5 15. Kd1 Rf7 16. Kc2 Nb6 17. Kb1 Bd7 18. g4 Ng7 19. g5 Qe7 20. Ng3 Raf8 21. h4 f4 22. Nge4 Nh5 23. Rhg1 Bf5 24. Nf6+ 1-0

[Event "Quebec Montcalm 04"]
[Site "Quebec"]
[Date "2003.02.06"]
[Round "4"]
[White "Bourassa, Andre"]
[Black "Bisson, Real"]
[Result "1/2-1/2"]
[WhiteElo "1686"]
[BlackElo "1651"]
[PlyCount "82"]
[EventDate "2003.01.??"]
[EventType "swiss"]
[EventRounds "5"]
[EventCountry "CAN"]
[SourceTitle "EXT 2009"]
[Source "ChessBase"]
[SourceDate "2008.11.26"]
[SourceVersion "1"]
[SourceVersionDate "2008.11.26"]
[SourceQuality "1"]

1. d4 Nf6 2. c4 d6 3. Nc3 Nbd7 4. e4 e5 5. d5 Be7 6. Bd3 Nc5 7. Bc2 a5 8. f3 0-0 9. Be3 c6 10. dxc6 bxc6 11. Bxc5 dxc5 12. Qxd8 Rxd8 13. Nge2 Be6 14. b3 Rd7 15. Rd1 Rxd1+ 16. Kxd1 Rd8+ 17. Kc1 Nh5 18. Rd1 Bg5+ 19. Kb2 Rxd1 20. Bxd1 Nf4 21. Nxf4 Bxf4 22. h3 g6 23. Na4 Be3 24. Bc2 f5 25. exf5 gxf5 26. g4 fxg4 27. hxg4 Kg7 28. Be4 Bd7 29. Nb6 Be8 30. Nc8 h5 31. gxh5 Bxh5 32. Kc2 Kf6 33. Na7 Kg5 34. Kd3 Kf4 35. Nxc6 Bd4 36. Ke2 Bc3 37. Nd8 Bb4 38. Ne6+ Kg3 39. Nc7 Kf4 40. Nd5+ Kg5 41. Nxb4 axb4 1/2-1/2